000 01102nam a2200301 i 4500
001 000026761
003 DO-SdBNP
005 20230904115354.0
007 ta
008 110325s197 dr ac 000 0 spa d
040 _aDO-SdBNP
_bspa
_cBNPHU
_erda
082 _a150
_bP974d
_222
100 _aCruz, José Reinaldo
_953867
245 0 0 _aPsicología y desarrollo personal :
_buna psicología para el dominicano joven /
_cJosé Reinaldo Cruz, Enrique A. Fernández P.,Oscar Eduardo Hungria C., Marcos Aurelio Juliao R.
264 _aSanto Domingo :
_bLa Salle,
_c1975.
300 _a177 paginas. :
_bilustraciones., retratos. ;
_c22 cm.
336 _2rdacontent
_atexto
_btxt
337 _2rdamedia
_asin mediación
_bn
338 _2rdacarrier
_avolumen
_bnc
504 _aIncluye referencias bibliográficas al pie de las páginas
590 _aInventariado, 2023 / DG
650 _aPsicología
700 1 2 _aFernández P., Enrique A.
_953867
_eautor
700 1 2 _aHungria C, Oscar Eduardo
_eautor
_984046
700 1 2 _aJuliao R., Marcos Aurelio
_eautor
_984047
910 _aDG
942 _2ddc
_cLBS1
999 _c54607
_d54607